A WizzAir és Ryanair légitársaságok szolgáltatásainak és marketingkommunikációjának összehasonlítása

Bibliográfiai részletek
Szerző: Szekeres Barbara
További közreműködők: Brávácz Ibolya
Dokumentumtípus: Diplomadolgozat
Kulcsszavak:WizzAir
Ryanair
szolgáltatás
marketingkommunikáció
összehasonlítás
Online Access:http://dolgozattar.uni-bge.hu/3895

MARC

LEADER 00000nta a2200000 i 4500
001 dolg3895
005 20260101060018.0
008 151202suuuu hu om 000 hun d
040 |a BGE Dolgozattár Repozitórium  |b hun 
041 |a hu 
100 1 |a Szekeres Barbara 
245 1 2 |a A WizzAir és Ryanair légitársaságok szolgáltatásainak és marketingkommunikációjának összehasonlítása  |c Szekeres Barbara  |h [elektronikus dokumentum] 
695 |a WizzAir 
695 |a Ryanair 
695 |a szolgáltatás 
695 |a marketingkommunikáció 
695 |a összehasonlítás 
700 1 |a Brávácz Ibolya  |e ths 
856 4 0 |u http://dolgozattar.uni-bge.hu/3895/1/Szekeres%20Barbara%20szakdolgozat.pdf  |z Dokumentum-elérés